Ekonomist organ Saveza ekonomista Jugoslavije
Guardado en:
| Formato: | Seriadas |
|---|---|
| Lenguaje: | croata |
| Publicado: |
Zagreb
Savez ekonomista Jugoslavije
|
| Etiquetas: |
Sin Etiquetas, Sea el primero en etiquetar este registro!
|
MARC
| LEADER | 00000nas1a22000001 4500 | ||
|---|---|---|---|
| 001 | s121065 | ||
| 005 | 20140120145825.3 | ||
| 041 | 0 | |a hrv | |
| 044 | |a HR | ||
| 245 | 1 | 0 | |a Ekonomist |b organ Saveza ekonomista Jugoslavije |
| 264 | 1 | |a Zagreb |b Savez ekonomista Jugoslavije | |